000 nam a22 a 4500
999 _c42229
_d42229
003 BLK
005 20221201171338.0
008 180408b bul|||||r ||||||| ||bul||
040 _aBLK
041 _aBUL
_cBUL
080 _aЖивотновъдни сгради и съоръжения. Ферми. Спомагателни помещения. Оборудване. Вж и 728. 9; 69; 636. 08; 727. 6; 631. 3
_b631.22
_x(035)
_z631.22(035)
100 1 _aСпасов, Мирчо
_eпърви автор
_9278089
139 _aВентилация и отопление в животновъдните ферми
245 1 0 _aВентилация и отопление в животновъдните ферми
_bРъководство
_cМирчо Спасов.
250 _a2. изд.
257 _aBGR
260 _aСофия
_bЗемиздат
_c1980
300 _a256 с.
_bс ил., диагр.
_c20 см
380 _a63
500 _aДруги авт. : Гено Грозев, Иван Горанов, Станислав Златарев. - 1. изд. 1975.
650 4 _aЖивотновъдни ферми - вентилация и отопление
_9278090
653 _aживотновъдни сгради
653 _aвентилационни инсталации
653 _aотопление
852 _aЦб 102024
_bЦб
942 _cKNG
_n0
_s1
944 _aCR
_c31.08.2016
_kТеодора_Стоянова
944 _aED
_c2022-12-01